Fisiopatología Respiratoria / (Registro nro. 2212)
[ vista simple ]
| 000 -LEADER | |
|---|---|
| fixed length control field | 00728nam a2200229 a 4500 |
| 005 - FECHA ULTIMA MODIFICACION | |
| control field | 20240412113848.0 |
| 008 - CAMPO DE CONTROL (LIBRO) | |
| fixed length control field | 100806t1981||||sp a f |||| 00| 0 spa d |
| 020 ## - INTERNATIONAL STANDARD BOOK NUMBER | |
| ISBN | 8471791234 |
| 041 ## - CODIGO DE IDIOMA | |
| Código de idioma del texto/pista de sonido o título separado | spa |
| 092 ## - SIGNATURA TOPOGRAFICA DEWEY LOCAL | |
| número de clasificación | 616 |
| libristica | 10 |
| sección | CAD |
| 100 1# - ENTRADA PRINCIPAL--NOMBRE PERSONAL | |
| Nombre personal | Cadoppi, Norma. |
| 9 (RLIN) | 3008 |
| 245 ## - TITULO PROPIAMENTE DICHO | |
| Título | Fisiopatología Respiratoria / |
| Mención de responsabilidad y remanente de la transcripción de la portada | N. Cadoppi |
| 250 ## - MENCION DE EDICION | |
| Mención de edición | 1a ed. |
| 260 ## - PIE DE IMPRENTA | |
| Lugar de publicación, distribución, etc | Buenos Aires: |
| Nombre de la editorial, distribuidor, etc | Celcius; |
| Fecha de publicación | 1981. |
| 300 ## - DESCRIPCION FISICA | |
| Extension | 87 p. |
| Otros detalles físicos | il. |
| 500 ## - NOTA GENERAL | |
| Nota general | Cadoppi, N. y Katz, I. F. (1981). Fisiopatología respiratoria. (1a ed.). Buenos Aires : Celsius. |
| 653 ## - TÉRMINO INDIZADO - PALABRAS CLAVES | |
| Palabra clave | Recuerdo anatomo- histológico |
| 653 ## - TÉRMINO INDIZADO - PALABRAS CLAVES | |
| Palabra clave | Fisiología respiratoria |
| 653 ## - TÉRMINO INDIZADO - PALABRAS CLAVES | |
| Palabra clave | Fisiopatología respiratoria |
| 700 1# - ENTRADAS SECUNDARIAS - NOMBRE PERSONAL | |
| Nombre personal | Katz, I. F. |
| Forma completa del nombre | [Ignacio Fabio] |
| 9 (RLIN) | 3009 |
| 942 ## - ADDED ENTRY ELEMENTS (KOHA) | |
| Source of classification or shelving scheme | Dewey Decimal Classification |
| Item type | Libros |
| Estado de retiro | Existencia | Fuente de clasificación | Estado general | No para prestamo | Ubicación permanente | ubicación actual | Sala de ubicación | Fecha de adquisición | Fuente de adquisición | Total Checkouts | Total Renewals | Número de clasificación | Código de barras | Date last seen | Date last borrowed | Número de ejemplar | Price effective from | Koha tipo de elemento (item) | Public note |
|---|---|---|---|---|---|---|---|---|---|---|---|---|---|---|---|---|---|---|---|
| Dewey Decimal Classification | Biblioteca Medicina | Biblioteca Medicina | Circulación | 21/09/2015 | Donación Jaime Novodvoretz, Septiembre 2015 | 1 | 1 | 616 10 CAD | 3552 | 02/11/2018 | 30/10/2018 | Ej.1 | 21/09/2015 | Libros | Donación Jaime Novodvoretz, Septiembre 2015 |